| 000 | 00670ntaaa2200205 4500 | ||
|---|---|---|---|
| 003 | 01 | ||
| 005 | 20251027201303.0 | ||
| 008 | 0714s1973 ag 01 | ||
| 040 |
_aAR-BaBN _bspa _cAR-BaBN _eaacr _dRIC |
||
| 082 | _a221.4000 W96t | ||
| 100 |
_aWürthwein, Ernest _911028 |
||
| 245 | _aThe text of the Old Testament; an introduction to the Hebrew Bible. | ||
| 250 | _a1 ed. | ||
| 260 |
_aGrand Rapids : _bEerdmans, _c1979 |
||
| 300 | _a244 p. | ||
| 500 | _aHistoria de los textos en lenguas originales y de algunas versiones. Crítica textual. | ||
| 650 |
_aBiblia-Antiguo Testamento-Textos-Documentos _911029 |
||
| 650 |
_aBiblia-Criticismo del Texto _99721 |
||
| 942 | _cBK | ||
| 999 |
_c7257 _d7257 |
||